| 000 | 00591nam a2200193 a 4500 | ||
|---|---|---|---|
| 005 | 20240806063907.0 | ||
| 008 | 010921s2000 mx r 000 0 spa d | ||
| 020 | _a9684114559 | ||
| 035 | _aUPN01000111845 | ||
| 049 | _aCG | ||
| 050 | 4 |
_aPQ7297 C2.48 _bC3.7 |
|
| 100 | 1 |
_aCampobello, Nellie, _d1900-1986 |
|
| 245 | 1 | 0 |
_aCartucho : _brelatos de la lucha en el Norte de México / _cNellie Campobello ; pról. y cronología de Jorge Aguilar Mora. |
| 260 |
_aMéxico : _bEra, _c2000. |
||
| 300 | _a171 p. | ||
| 440 | 0 | _aBiblioteca Era | |
| 650 | 4 |
_aLiteratura mexicana _94466 |
|
| 905 | _aLibro | ||
| 999 |
_c85753 _d85753 |
||